[Event "Let's Play Chess!"]
[Site "http://www.queenalice.com/game.php?id=1126181"]
[Date "2012.11.27"]
[Round "-"]
[White "Ruusgugg"]
[Black "craig"]
[Result "0-1"]
[WhiteElo "1308"]
[BlackElo "1680"]

1. a4 e5 2. e4 Nf6 3. d3 Na6 4. h4 d6 5. Qf3 Bg4 6. Qe3 Nb4 7. c3 Nc2+ 8. Kd2
Nxe3 9. Kxe3 d5 10. exd5 Nxd5+ 11. Ke4 Nxc3+ 12. bxc3 Qd6 13. f3 f5+ 14. Ke3 f4+
15. Ke2 Bf5 16. Kd2 O-O-O 17. g4 Bxd3 18. Bxd3 Qxd3+ 19. Ke1 Qd1+ 20. Kf2 Qxc1
21. Kg2 Qe1 22. g5 Rd1 23. Nh3 Qg3# 0-1

[Event "Let's Play Chess!"]
[Site "http://www.queenalice.com/game.php?id=1127148"]
[Date "2012.12.1"]
[Round "-"]
[White "igorjava"]
[Black "craig"]
[Result "1-0"]
[WhiteElo "1917"]
[BlackElo "1687"]

1. e4 e5 2. f4 exf4 3. Nf3 Nf6 4. e5 Nd5 5. c4 Nb4 6. d4 g5 7. h3 d6 8. Qa4+
N4c6 9. d5 Bd7 10. dxc6 Bxc6 11. Qc2 Qe7 12. Be2 dxe5 13. O-O Qe6 14. Nxg5 Qf6
15. Nxh7 Qg7 16. Bd3 Bc5+ 17. Kh2 Rg8 18. Be4 Bxe4 19. Qxe4 Nc6 20. Bxf4 O-O-O
21. Bg5 Rd4 22. Qf5+ Kb8 23. h4 Rxc4 24. Nf6 Ka8 25. Nxg8 Qxg8 26. Nc3 Bd6 27.
Qxf7 e4+ 28. Kh1 Qc8 29. Qxc4 Qe8 30. Nxe4 Qe5 31. Nxd6 Qxd6 32. Rad1 Qe5 33.
Qg8+ Nb8 34. Rf8 c6 35. Bf4 1-0

[Event "Let's Play Chess!"]
[Site "http://www.queenalice.com/game.php?id=1127149"]
[Date "2012.12.1"]
[Round "-"]
[White "craig"]
[Black "igorjava"]
[Result "1-0"]
[WhiteElo "1667"]
[BlackElo "1855"]

1. e4 c5 2. d3 d6 3. Nc3 Nf6 4. Nf3 a6 5. Be2 Nc6 6. O-O g6 7. h3 Bg7 8. Be3 O-O
9. e5 dxe5 10. Bxc5 b6 11. Ba3 b5 12. b4 Bb7 13. Bb2 Nd4 14. Nxd4 exd4 15. Nb1
e5 16. Nd2 Nd5 17. Ne4 Nxb4 18. Ba3 a5 19. Nc5 Bc6 20. Bg4 Qd5 21. Ne4 f5 22.
Bf3 fxe4 23. Bxe4 Qd7 24. Qe2 Rfc8 25. Bb2 Bxe4 26. Qxe4 Nxc2 27. Rac1 Nb4 28.
a3 Nd5 29. Qf3 Nf4 30. Rxc8+ Rxc8 31. Bc1 Rf8 32. Bxf4 Rxf4 33. Qa8+ Bf8 34.
Qxa5 e4 35. Qd2 exd3 36. Qxf4 Bxa3 37. Rd1 Qd5 38. Rxd3 Bc5 39. h4 b4 40. Qb8+
Bf8 41. h5 gxh5 42. Rg3+ Kf7 43. Rf3+ Kg6 44. Qxf8 Qe4 45. Rg3+ 1-0

[Event "Let's Play Chess!"]
[Site "http://www.queenalice.com/game.php?id=1134925"]
[Date "2012.12.28"]
[Round "-"]
[White "Jeff_Of_Love"]
[Black "craig"]
[Result "1-0"]
[WhiteElo "1905"]
[BlackElo "1689"]

1. e4 e5 2. Nf3 f6 3. Nc3 Nc6 4. d3 Nge7 5. Be3 Ng6 6. Be2 d6 7. h3 Be6 8. Nd5
Nce7 9. c4 c6 10. Nc3 a6 11. O-O f5 12. Ng5 Bg8 13. g3 f4 14. Bh5 fxe3 15. fxe3
h6 16. Nf3 Qd7 17. Kh2 Be6 18. g4 O-O-O 19. Na4 Qc7 20. g5 hxg5 21. Nxg5 Bd7 22.
Nf7 Rxh5 23. Qxh5 Re8 24. Rf2 b5 25. Nc3 Qb6 26. Nxd6+ Kd8 27. Rf3 bxc4 28. Nxc4
Qb7 29. b3 Qb4 30. Rc1 a5 31. d4 exd4 32. exd4 a4 33. Nxa4 Qb7 34. Nd6 Qc7 35.
e5 Qa5 36. Nb7+ Kc7 37. Nxa5 Ra8 38. b4 Be8 39. Nc3 Nf4 40. Qh4 Ne6 41. d5 Nxd5
42. Nxd5+ Kb8 43. Qc4 Ng5 44. Rxf8 Ka7 45. Qc5+ 1-0

[Event "Challenge"]
[Site "http://www.queenalice.com/game.php?id=1139199"]
[Date "2013.1.10"]
[Round "-"]
[White "craig"]
[Black "cdare"]
[Result "0-1"]
[WhiteElo "1678"]
[BlackElo "1801"]

1. e4 e5 2. Nf3 Nc6 3. d3 Bc5 4. Nc3 h6 5. d4 exd4 6. Nxd4 Bxd4 7. Bd2 Nf6 8. f3
d6 9. Qe2 O-O 10. O-O-O Be6 11. Kb1 a6 12. Be3 Bxc3 13. bxc3 b5 14. g4 Nh7 15.
Bd2 Na5 16. c4 Nxc4 17. Bb4 Re8 18. Kc1 Qf6 19. c3 Qf4+ 20. Kb1 Ne3 21. Rd4 Nxf1
22. Rxf1 Bc4 23. Rxc4 bxc4 24. h4 a5 25. Ba3 d5 26. Qd1 dxe4 27. fxe4 Qxe4+ 28.
Ka1 Nf6 29. g5 Ng4 30. Rg1 h5 31. Qd7 Rab8 32. Rf1 Ne5 33. Qxc7 a4 34. Qa5 Qc2
35. Rc1 Qh2 36. Qxa4 Qxh4 37. Bd6 Ra8 38. Qb5 Qf2 39. Bb4 Qxa2# 0-1

[Event "Challenge"]
[Site "http://www.queenalice.com/game.php?id=1140753"]
[Date "2013.1.14"]
[Round "-"]
[White "cdare"]
[Black "craig"]
[Result "1-0"]
[WhiteElo "1765"]
[BlackElo "1700"]

1. e4 e5 2. Nf3 d6 3. h3 Nf6 4. Nc3 Nc6 5. Bc4 g6 6. d3 Bg7 7. O-O a6 8. a3 Bd7
9. Be3 Na5 10. Ba2 c5 11. Ng5 d5 12. Nxd5 Nxd5 13. Bxd5 Qe7 14. Bxf7+ Kd8 15.
Qd2 h6 16. Bd5 Bf6 17. Nf7+ Kc7 18. Nxh8 Rxh8 19. Qxa5+ Kb8 20. Bxc5 Qe8 21.
Bd6+ Ka8 22. Qxa6# 1-0

[Event "Let's Play Chess!"]
[Site "http://www.queenalice.com/game.php?id=1142630"]
[Date "2013.1.20"]
[Round "-"]
[White "craig"]
[Black "Taurus"]
[Result "0-1"]
[WhiteElo "1691"]
[BlackElo "2060"]

1. e4 e6 2. d3 Nc6 3. Nc3 d5 4. exd5 exd5 5. Nf3 Bg4 6. h3 Bh5 7. Qe2+ Be7 8. g4
Bg6 9. Bg2 Nf6 10. Bd2 O-O 11. O-O-O Re8 12. Qf1 Na5 13. Ne5 Bb4 14. a3 Bxc3 15.
Bxc3 c5 16. Nxg6 fxg6 17. g5 Nd7 18. Bxd5+ Kh8 19. Qg2 Rb8 20. Qf3 Qxg5+ 21. Kb1
Rf8 22. Qe4 Rbe8 23. Qa4 Qxd5 24. Qxa5 Ra8 25. d4 b6 26. Qb5 a6 27. Qa4 c4 28.
h4 a5 29. b4 b5 30. Qxa5 Rxa5 31. bxa5 Rxf2 32. Rde1 Qf5 33. Re8+ Nf8 34. Bb4
Qxc2+ 35. Ka1 Qb2# 0-1

[Event "Let's Play Chess!"]
[Site "http://www.queenalice.com/game.php?id=1142632"]
[Date "2013.1.20"]
[Round "-"]
[White "Taurus"]
[Black "craig"]
[Result "1-0"]
[WhiteElo "2058"]
[BlackElo "1680"]

1. e4 e5 2. Nf3 d6 3. h3 Nf6 4. d4 exd4 5. Bg5 h6 6. Bh4 g5 7. Bg3 c5 8. Nbd2
Be6 9. Bb5+ Nbd7 10. O-O Qb6 11. Bxd7+ Bxd7 12. b3 h5 13. Nxg5 h4 14. Bf4 Bh6
15. Nc4 Qc6 16. e5 dxe5 17. Nxe5 Qe4 18. Nxe4 Bxf4 19. Nxf6+ Ke7 20. Nexd7 Rac8
21. Qe2+ Kd8 22. Qg4 Bd2 23. Nxc5 Bc3 24. Qd7# 1-0

[Event "Challenge"]
[Site "http://www.queenalice.com/game.php?id=1152563"]
[Date "2013.2.16"]
[Round "-"]
[White "cdare"]
[Black "craig"]
[Result "0-1"]
[WhiteElo "1800"]
[BlackElo "1682"]

1. e4 e5 2. Nf3 f6 3. Nxe5 fxe5 4. Nc3 d6 5. h3 Nf6 6. Bc4 Nc6 7. d3 Nd4 8. Be3
c5 9. O-O a6 10. a3 Bd7 11. Nd5 Nxd5 12. Bxd5 Qb6 13. Rb1 Bc6 14. Bxc6+ Qxc6 15.
Bxd4 cxd4 16. Qd2 O-O-O 17. Rbc1 Be7 18. c3 Kb8 19. cxd4 Qb5 20. b4 exd4 21. f4
Rhf8 22. f5 h6 23. Rfd1 Bg5 24. Qe2 Bxc1 25. Rxc1 Rc8 26. Rd1 d5 27. Qg4 Rc7 28.
Qf4 Rc8 29. e5 Qa4 30. Ra1 Qc2 31. Qxd4 Qd2 32. Qxd5 Rc1+ 33. Rxc1 Rxc1+ 34. Kh2
Qf4+ 35. g3 Rc2+ 0-1

[Event "Challenge"]
[Site "http://www.queenalice.com/game.php?id=1165309"]
[Date "2013.3.27"]
[Round "-"]
[White "craig"]
[Black "cdare"]
[Result "0-1"]
[WhiteElo "1655"]
[BlackElo "1864"]

1. e4 e5 2. d3 h6 3. Nf3 Nc6 4. Nc3 Nf6 5. Be2 Bb4 6. Bd2 d6 7. a3 Bxc3 8. Bxc3
O-O 9. O-O Bg4 10. h3 Bxf3 11. Bxf3 Ne7 12. d4 Ng6 13. dxe5 Nxe5 14. Qe2 Nxf3+
15. Qxf3 Nh7 16. Qg3 Qg5 17. Qd3 Rad8 18. Qd4 b6 19. Rfe1 c5 20. Qa4 a5 21. Qc6
Rb8 22. Qxd6 Nf6 23. e5 Nh5 24. e6 Nf4 25. Qc6 fxe6 26. Re3 Rbc8 27. Qb7 Rb8 28.
Qc6 a4 29. Rg3 Ne2+ 30. Kh2 Nxg3 31. fxg3 Rfe8 32. Rf1 Qh5 33. Qc7 e5 34. g4 Qg5
35. Rf5 Qe7 36. Qc6 b5 37. Qd5+ Kh8 38. Bxe5 Rbd8 39. Qf3 Rf8 40. Qc3 Rxf5 41.
gxf5 Rd5 42. f6 Qxe5+ 43. Qxe5 Rxe5 44. f7 Rf5 45. b3 axb3 46. cxb3 Rxf7 47. a4
bxa4 48. bxa4 c4 49. a5 c3 0-1

[Event "Juguemos ajedrez!"]
[Site "http://www.queenalice.com/game.php?id=1165904"]
[Date "2013.3.29"]
[Round "-"]
[White "craig"]
[Black "Piazzolero"]
[Result "0-1"]
[WhiteElo "1583"]
[BlackElo "1673"]

1. e4 e5 2. Nf3 d6 3. d3 Nc6 4. Nc3 Nf6 5. Bd2 Nd4 6. Nxd4 exd4 7. Ne2 c5 8. c3
b6 9. Ng3 Qe7 10. cxd4 cxd4 11. Qa4+ Bd7 12. Qxd4 g6 13. Bc3 Bg7 14. Qc4 O-O 15.
Be2 Rfc8 16. Qd4 Ne8 17. Qb4 b5 18. O-O a5 19. Qb3 Rcb8 20. Bf3 b4 21. Bxg7 Nxg7
22. Rfe1 Be6 23. Qc2 a4 24. e5 d5 25. Qd2 d4 26. Bxa8 Rxa8 27. Ne4 Ra7 28. Nf6+
Kf8 29. Rac1 b3 30. axb3 axb3 31. Re4 Ra4 32. f3 Ne8 33. Qf4 Ra2 34. Nxh7+ Kg8
35. Nf6+ Kg7 36. Rxd4 Nxf6 37. exf6+ Qxf6 38. Qxf6+ Kxf6 39. Rf4+ Kg7 40. h3
Rxb2 41. d4 Rd2 42. Kh2 b2 43. Re1 Ba2 44. d5 b1=Q 45. Rxb1 Bxb1 46. Rb4 Ba2 47.
Rb5 Bxd5 48. h4 f5 49. Kg3 Kh6 0-1

[Event "Let's Play Chess!"]
[Site "http://www.queenalice.com/game.php?id=1167474"]
[Date "2013.4.2"]
[Round "-"]
[White "Eggchaser"]
[Black "craig"]
[Result "1-0"]
[WhiteElo "1919"]
[BlackElo "1703"]

1. Nf3 d5 2. c4 dxc4 3. e3 b5 4. a4 c6 5. axb5 cxb5 6. b3 cxb3 7. Qxb3 a6 8.
Bxb5+ Bd7 9. Nc3 e6 10. Ne5 Be7 11. O-O Bf6 12. Nxd7 Nxd7 13. Bxd7+ Qxd7 14. Ba3
Ne7 15. d4 O-O 16. Rfb1 Rfc8 17. Ne4 Rab8 18. Qxb8 h6 19. Qd6 Qxd6 20. Bxd6 Nd5
21. Rxa6 Kh7 22. g3 Bd8 23. Nc5 Nc3 24. Rb8 Rxb8 25. Bxb8 g5 26. Ra7 Kg6 27. Rd7
Bb6 28. Bd6 Ne2+ 29. Kf1 Nc3 30. Rb7 Ba5 31. Rb3 Nd1 32. Na4 f6 33. Rd3 Nxe3+
34. Rxe3 Bd2 35. Rxe6 Kf7 36. Re7+ Kg6 37. Ke2 Bc1 38. Rc7 h5 39. Rxc1 1-0

[Event "Let's Play Chess!"]
[Site "http://www.queenalice.com/game.php?id=1167475"]
[Date "2013.4.2"]
[Round "-"]
[White "craig"]
[Black "Eggchaser"]
[Result "0-1"]
[WhiteElo "1687"]
[BlackElo "1798"]

1. e4 e5 2. d3 Nc6 3. Nc3 h6 4. Nf3 Nf6 5. Be3 Bb4 6. Bd2 d6 7. a3 Ba5 8. b4 Bb6
9. Be2 Be6 10. O-O O-O 11. Rb1 Qe7 12. a4 a6 13. a5 Ba7 14. Qc1 Kh7 15. h3 Rab8
16. Ng5+ hxg5 17. Bxg5 Rh8 18. Kh1 Nd4 19. Bd1 c6 20. Qe3 Ra8 21. f4 Nxc2 22.
Qe2 Nd4 23. Qf2 Kg8 24. f5 Nxf5 25. Qf3 Nd4 26. Qg3 Kf8 27. Rc1 Ke8 28. Ba4 Bb3
29. Bxb3 Nxb3 30. Rb1 Nd4 31. Bh4 Kd7 32. Qg5 Ne6 33. Qg3 Rag8 34. Qe1 Nf4 35.
Qg3 Bd4 36. Na4 Rh6 37. Qe1 Nxd3 38. Qg3 Nf4 39. Bg5 Rg6 40. h4 Qe6 41. Nb6+
Bxb6 42. axb6 Nxe4 43. Qf3 Nxg5 44. hxg5 Rxg5 45. Rf2 Rh8+ 46. Kg1 Nh3+ 47. Kf1
Nxf2 48. Qe3 Rf5 49. Kg1 Rh1# 0-1

[Event "Chess the Game of Life"]
[Site "http://www.queenalice.com/game.php?id=1168388"]
[Date "2013.4.5"]
[Round "-"]
[White "craig"]
[Black "ztnilz"]
[Result "0-1"]
[WhiteElo "1696"]
[BlackElo "1759"]

1. e4 e5 2. d3 Nc6 3. Nc3 d6 4. Nf3 Be7 5. Be2 Nf6 6. O-O O-O 7. b3 a6 8. a4 Bd7
9. h3 Bc8 10. Be3 d5 11. exd5 Nxd5 12. Nxd5 Qxd5 13. Ng5 Qd8 14. h4 h6 15. Nf3
Bxh4 16. Nxh4 Qxh4 17. Bc5 Re8 18. Bf3 Bd7 19. Qd2 b6 20. Ba3 Qf6 21. Rfe1 Rab8
22. Qc3 Nd4 23. Re3 Nxf3+ 24. Rxf3 Qc6 25. Qd2 Re6 26. Re1 Rg6 27. Rxe5 Qxf3 28.
g3 Bh3 29. Qf4 Qg2# 0-1

[Event "Chess the Game of Life"]
[Site "http://www.queenalice.com/game.php?id=1168390"]
[Date "2013.4.5"]
[Round "-"]
[White "ztnilz"]
[Black "craig"]
[Result "1-0"]
[WhiteElo "1824"]
[BlackElo "1683"]

1. e4 e5 2. Nf3 d6 3. Bc4 Nf6 4. Ng5 Nd5 5. Nxf7 Kxf7 6. Bxd5+ Ke7 7. d4 exd4 8.
Bg5+ Kd7 9. Bxd8 Kxd8 10. Qxd4 Na6 11. Nc3 Bd7 12. Bxb7 Rb8 13. Bxa6 Rxb2 14.
Qxa7 Rxc2 15. Qb8+ Ke7 16. Nd5+ Ke6 17. Nxc7+ Kf7 18. Qb3+ Be6 19. Qxc2 Be7 20.
Nxe6 Kxe6 21. O-O Rd8 22. a4 Bf6 23. Rad1 Kf7 24. Qc7+ Kf8 25. Rxd6 Rxd6 26.
Qxd6+ Kf7 27. f4 Kg6 28. g4 h6 29. e5 h5 30. exf6 gxf6 31. Bd3+ Kg7 32. Qe7+ Kg8
33. Rb1 1-0

[Event "Challenge"]
[Site "http://www.queenalice.com/game.php?id=1168483"]
[Date "2013.4.5"]
[Round "-"]
[White "thigo"]
[Black "craig"]
[Result "0-1"]
[WhiteElo "1620"]
[BlackElo "1673"]

1. e4 e5 2. Bc4 Nh6 3. Nf3 d6 4. d3 f6 5. h3 Nc6 6. Nh2 Bd7 7. g4 Nd4 8. h4 b5
9. Bb3 a5 10. g5 fxg5 11. Bxg5 Be7 12. Qh5+ Kf8 13. Bxh6 Nxb3 14. axb3 Be8 15.
Qf5+ Bf7 16. Bg5 g6 17. Bxe7+ Qxe7 18. Ng4 gxf5 19. Nh6 fxe4 20. dxe4 Bh5 21.
Nf5 Qe6 22. Nd2 Qg6 23. f3 Qg2 24. Rf1 Kf7 25. Ne3 Qg3+ 26. Rf2 Qg1+ 27. Ndf1
Rhg8 28. Ke2 Qh1 29. Rd1 a4 30. Ng3 Qxh4 31. Ngf5 Qf4 32. Nd5 Qg5 33. Rdf1 axb3
34. cxb3 Ra7 35. Nde3 Ra2 36. Kd3 Ke6 37. f4 exf4 38. Rxf4 Rxb2 39. Nd4+ Kd7 40.
Rf5 Qg6 41. Rf6 Qg3 42. Nf5 Qh3 43. Rh6 Qh2 44. Rxh7+ Kd8 45. Nd4 Qd2# 0-1

[Event "Challenge"]
[Site "http://www.queenalice.com/game.php?id=1168484"]
[Date "2013.4.5"]
[Round "-"]
[White "craig"]
[Black "thigo"]
[Result "0-1"]
[WhiteElo "1675"]
[BlackElo "1581"]

1. e4 b6 2. d3 g6 3. Bd2 e5 4. Nf3 Nf6 5. Nxe5 Bc5 6. Qf3 d6 7. Nc4 Nc6 8. e5
Nd7 9. Qxc6 Rb8 10. exd6 cxd6 11. Nxd6+ Bxd6 12. Qxd6 Qe7+ 13. Qxe7+ Kxe7 14.
Na3 Nc5 15. O-O-O Nd7 16. Re1+ Kd6 17. Bf4+ Kc5 18. Bxb8 Bb7 19. Bg3 Nf6 20. Re7
Bd5 21. Be5 Rd8 22. Bxf6 Rd6 23. Be5 Rc6 24. Rc7 Bxa2 25. Rxc6+ Kxc6 26. g4 a6
27. Bg2+ Kd7 28. Re1 b5 29. Bf6 b4 30. Re7+ Kd6 31. Nc4+ Bxc4 32. dxc4 Kc5 33.
Rxf7 Kxc4 34. Rc7+ Kb5 35. Bf1+ Kb6 36. Rxh7 a5 37. Bd8+ Kc5 38. Bxa5 g5 39. h4
gxh4 40. g5 h3 41. Rxh3 Kd6 42. Bxb4+ Ke6 43. Rf3 Ke5 44. g6 Kd5 45. g7 Ke4 46.
Rh3 Kf4 47. g8=Q Ke4 48. Qg4+ Ke5 0-1

[Event "Challenge"]
[Site "http://www.queenalice.com/game.php?id=1178506"]
[Date "2013.5.4"]
[Round "-"]
[White "cdare"]
[Black "craig"]
[Result "1-0"]
[WhiteElo "1803"]
[BlackElo "1647"]

1. e4 e5 2. Nf3 f6 3. Nxe5 fxe5 4. Qh5+ g6 5. Qxe5+ Qe7 6. Qxh8 Nf6 7. Nc3 Nc6
8. Bc4 d5 9. Bb5 Bd7 10. d3 dxe4 11. O-O O-O-O 12. Bg5 Bh6 13. Bxf6 Rxh8 14.
Bxe7 Nxe7 15. Bxd7+ Kxd7 16. Nxe4 Kc8 17. c4 Rd8 18. Rad1 Nc6 19. a3 a6 20. Nc5
Bg7 21. Ne6 Rd7 22. Nxg7 Rxg7 23. d4 Re7 24. b4 Re4 25. d5 Nd8 26. c5 h5 27. f3
Re3 28. a4 Rb3 29. Rb1 Rd3 30. Rfd1 Ra3 31. a5 c6 32. dxc6 Nxc6 33. Rd6 g5 34.
Rd5 g4 35. f4 g3 36. Rxh5 Nd4 37. Rh8+ Kc7 38. h3 Ne2+ 39. Kh1 Nxf4 40. Rf8 Nd5
41. h4 Ra2 42. Rg8 Ra3 43. h5 Ra2 44. Rxg3 Nf4 45. h6 Rd2 46. h7 Rd8 47. Rg8 1-0

[Event "Challenge"]
[Site "http://www.queenalice.com/game.php?id=1209385"]
[Date "2013.8.18"]
[Round "-"]
[White "craig"]
[Black "cdare"]
[Result "0-1"]
[WhiteElo "1571"]
[BlackElo "1688"]

1. e4 e5 2. d3 h6 3. Nf3 Nc6 4. Nc3 Nf6 5. Be3 Bb4 6. Qd2 d6 7. a3 Bxc3 8. Qxc3
O-O 9. Nh4 Ng4 10. Nf5 Bxf5 11. exf5 Nxe3 12. fxe3 Qg5 13. f6 Qxe3+ 14. Be2 Nd4
15. Qd2 Qxd2+ 16. Kxd2 Nxe2 17. Kxe2 g6 18. c4 c5 19. h4 a6 20. g4 b5 21. Rag1
Rad8 22. h5 g5 23. Rc1 b4 24. axb4 cxb4 25. b3 a5 26. Ra1 Ra8 27. Rhd1 Rfe8 28.
Kf3 Re6 29. d4 e4+ 30. Ke3 Rxf6 0-1

[Event "Challenge"]
[Site "http://www.queenalice.com/game.php?id=1242488"]
[Date "2013.12.24"]
[Round "-"]
[White "cdare"]
[Black "craig"]
[Result "1-0"]
[WhiteElo "1699"]
[BlackElo "1560"]

1. e4 e5 2. Nf3 d6 3. h3 Nf6 4. Nc3 Nc6 5. Bc4 h6 6. d3 a6 7. a3 Nh5 8. O-O g6
9. Be3 Nf6 10. Nd5 h5 11. Bg5 Bg7 12. c3 Be6 13. Nh4 1-0